<?xml version="1.0" encoding="UTF-8"?>
<record
    xmlns:xsi="http://www.w3.org/2001/XMLSchema-instance"
    xsi:schemaLocation="http://www.loc.gov/MARC21/slim http://www.loc.gov/standards/marcxml/schema/MARC21slim.xsd"
    xmlns="http://www.loc.gov/MARC21/slim">

  <leader>01686nas a2200277Ia 4500</leader>
  <controlfield tag="001">R266-R6852</controlfield>
  <controlfield tag="003">IT-CnALBA</controlfield>
  <controlfield tag="008">170116c99999999xx ||||||||||||   ||und||</controlfield>
  <datafield tag="040" ind1=" " ind2=" ">
    <subfield code="a">IT-CnALBA</subfield>
    <subfield code="c">IT-CnALBA</subfield>
  </datafield>
  <datafield tag="041" ind1=" " ind2=" ">
    <subfield code="a">ITALIANO</subfield>
  </datafield>
  <datafield tag="100" ind1=" " ind2=" ">
    <subfield code="a">BERNARDI FRANCESCO</subfield>
  </datafield>
  <datafield tag="210" ind1=" " ind2=" ">
    <subfield code="a">MISSIONI CONSOLATA</subfield>
  </datafield>
  <datafield tag="222" ind1=" " ind2=" ">
    <subfield code="a">MISSIONI CONSOLATA</subfield>
  </datafield>
  <datafield tag="245" ind1=" " ind2="0">
    <subfield code="a">MISSIONI CONSOLATA. RIVISTA DELLA FAMIGLIA. MARZO 1991. SOMALIA, TRA I COCCI. GIAPPONE. VICINI QUANTO? </subfield>
  </datafield>
  <datafield tag="250" ind1=" " ind2=" ">
    <subfield code="a">1a ed.</subfield>
  </datafield>
  <datafield tag="260" ind1=" " ind2=" ">
    <subfield code="a"> TORINO - ROMA</subfield>
    <subfield code="b">MISSIONI CONSOLATA </subfield>
    <subfield code="c">1991 [1&#xB0; Ed.:1991 - Ed.Ling.Originale: 1991]</subfield>
  </datafield>
  <datafield tag="300" ind1=" " ind2=" ">
    <subfield code="a">64 p. </subfield>
  </datafield>
  <datafield tag="310" ind1=" " ind2=" ">
    <subfield code="a">MENSILE</subfield>
  </datafield>
  <datafield tag="362" ind1=" " ind2=" ">
    <subfield code="a">Fascicolo: 3 / Anno: 93 (1991)</subfield>
  </datafield>
  <datafield tag="500" ind1=" " ind2=" ">
    <subfield code="a">MOZAMBICO, SOGNO E REALT&#xC0;. CINA, PIAZZA TIENANMEN C''&#xC8; ANCORA. BRASILE, RISPOSTA AD UNA SUORA, AMORE DI DIO PER TUTTI. LETTERA AI LETTORI. ETIOPIA VIAGGIO CON SORPRESA. MARCHIOL A. KENYA, CENERE, SALE, LUCE, ANATALONI G. SUDAFRICA, PRIGIONIERI DELLA SPERANZA. BIELLESI B. MONDINI M. TANZANIA, INSIEME PER DISSETARE, FAUDAROLE C. BERNARDI F. MISSIONE SIMPATIA, CHIESA NEL MONDO. PAGINA PER I RAGAZZI. </subfield>
  </datafield>
  <datafield tag="501" ind1=" " ind2=" ">
    <subfield code="a">Societ&#xE0; San Paolo EM - Piazza San Paolo, 14 - 12051 ALBA (CN)  (non commercial uses only) &#xAE; Copyright 2017</subfield>
  </datafield>
  <datafield tag="520" ind1=" " ind2=" ">
    <subfield code="a">MOZAMBICO, SOGNO E REALT&#xC0;. CINA, PIAZZA TIENANMEN C''&#xC8; ANCORA. BRASILE, RISPOSTA AD UNA SUORA, AMORE DI DIO PER TUTTI. LETTERA AI LETTORI. ETIOPIA VIAGGIO CON SORPRESA. MARCHIOL A. KENYA, CENERE, SALE, LUCE, ANATALONI G. SUDAFRICA, PRIGIONIERI DELLA SPERANZA. BIELLESI B. MONDINI M. TANZANIA, INSIEME PER DISSETARE, FAUDAROLE C. BERNARDI F. MISSIONE SIMPATIA, CHIESA NEL MONDO. PAGINA PER I RAGAZZI. </subfield>
  </datafield>
  <datafield tag="650" ind1=" " ind2=" ">
    <subfield code="a">MISSIONOLOGIA</subfield>
  </datafield>
  <datafield tag="942" ind1=" " ind2=" ">
    <subfield code="c">CR</subfield>
  </datafield>
  <datafield tag="957" ind1=" " ind2=" ">
    <subfield code="7">1</subfield>
  </datafield>
  <datafield tag="999" ind1=" " ind2=" ">
    <subfield code="a">58418</subfield>
    <subfield code="b">NO</subfield>
    <subfield code="g">1</subfield>
    <subfield code="c">325445</subfield>
    <subfield code="d">325445</subfield>
  </datafield>
  <datafield tag="952" ind1=" " ind2=" ">
    <subfield code="0">0</subfield>
    <subfield code="1">0</subfield>
    <subfield code="4">0</subfield>
    <subfield code="6">R_266R6852</subfield>
    <subfield code="7">1</subfield>
    <subfield code="a">ALBA</subfield>
    <subfield code="b">ALBA</subfield>
    <subfield code="d">2017-01-16</subfield>
    <subfield code="l">0</subfield>
    <subfield code="o">R266-R6852</subfield>
    <subfield code="r">2017-01-16 00:00:00</subfield>
    <subfield code="w">2017-01-16</subfield>
    <subfield code="y">CR</subfield>
    <subfield code="z">(data import: 16 gennaio 2017) - By Epidotti, Vaglietti. </subfield>
  </datafield>
</record>
